00513 2200193 4500001002100000005001500021008004100036020002200077035001900099041000700118082000800125090001400133100002800147245004300175260002900218300003400247500001100281650002700292INLIS00000000000452620241224112928241224||||||||| | ||| |||| || |  a978-979-1813-13-6 0010-1224004526 aid0 a741 a741.5 SIM0 aTIM STUDIO KREASI MEDIA00aSimpanse, Primata yang Lucu dan Cerdik aBogorbKIDS BOOKERc2015 a19,5x19,5 cm, 28 hlm.; ilus.; aCet. 2 0aILMU SENI DAN OLAHRAGA